Statistics for Rebus Puzzles (Dingbats) - Picture Quiz #2

Click here to take the quiz!

General Stats

  • This quiz has been taken 1,230 times
  • The average score is 6 of 8

Answer Stats

Answer % Correct
Red Alert
99%
Little Mermaid
94%
Three Wise Men
92%
Tea Party
77%
Eye of the Tiger
76%
Split Personality
75%
Gold Rush
71%
More Often than Not
64%

Score Distribution

Percentile by Number Answered

Percent of People with Each Score

Your Score History

You have not taken this quiz